[Event "World Rapid 2022"]
[Site "Almaty KAZ"]
[Date "2022.12.27"]
[Round "7.14"]
[White "Artemiev, V."]
[Black "Tsydypov, Z."]
[Result "1-0"]
[WhiteElo "2701"]
[BlackElo "2534"]
[PlyCount "87"]
[EventDate "2022.12.26"]
[EventType "rapid"]

1. Nf3 c5 2. c4 g6 3. d4 Bg7 4. e4 Nc6 5. dxc5 Qa5+ 6. Bd2 Qxc5 7. Nc3 Nf6 8. Be2 d6 9. h3 Qb6 10. O-O O-O 11. b3 ({RR} 11. Qc2 Nd7 12. Rab1 a5 13. Nd5 Qd8 14. Rbd1 Nc5 15. Bg5 Nb4 16. Qc1 f6 17. Be3 Nxe4 18. Nb6 Ra6 19. c5 Rxb6 20. cxb6 Kh8 21. Bb5 f5 22. a3 Na2 23. Qc4 {1-0 (23) Hernandez,C (2366)-Menac Comas,J (2069) La Pobla de Lillet ESP 2024}) 11... Nd7 $146 ({RR} 11... Nd4 12. Nxd4 Qxd4 13. Bf3 Bd7 14. e5 Qxe5 15. Bxb7 Rab8 16. Bf3 Qc5 17. Re1 Rfe8 18. Rc1 a6 19. Be3 Qc7 20. Qd2 Bc6 21. Nd5 Qb7 22. Bg5 Bxd5 23. cxd5 Rbc8 24. Rc6 Rxc6 25. dxc6 Qc7 26. Rc1 {Eidelson,R (2250)-Dushenok,A (2297) St Petersburg 2005 1-0 (41)}) 12. Nd5 Qd8 13. Bc3 Bxc3 14. Nxc3 Nde5 15. Qd2 Nxf3+ 16. Bxf3 Kg7 17. Rad1 Qa5 18. Be2 Be6 19. f4 f6 20. Nd5 Qxd2 21. Rxd2 Rac8 22. Bg4 Bxg4 23. hxg4 f5 24. exf5 gxf5 25. gxf5 Rxf5 26. Re1 e5 27. fxe5 dxe5 28. Ne3 Rf4 29. Rd7+ Kh8 30. Rxb7 Rg8 31. Nd5 Rfg4 32. Re2 R4g7 33. Rxg7 Kxg7 34. b4 Rc8 35. a3 Kf8 36. Nf6 Kg7 37. Ng4 h5 38. Ne3 Nd4 39. Rf2 Kg6 40. Kh2 a5 41. b5 a4 42. b6 Ne6 43. Nd5 Kg7 44. Re2 1-0

[Event "World Rapid 2022"]
[Site "Almaty KAZ"]
[Date "2022.12.27"]
[Round "7.37"]
[White "Daneshvar, Bardiya"]
[Black "Moiseenko, A1."]
[Result "1-0"]
[WhiteElo "2500"]
[BlackElo "2577"]
[PlyCount "51"]
[EventDate "2022.12.26"]
[EventType "rapid"]

1. Nf3 d5 2. g3 Nc6 3. d4 Bf5 4. Bg2 Nb4 5. Na3 e6 6. O-O Be7 7. Ne5 Nf6 8. c3 Nc6 9. Qa4 O-O 10. Nxc6 bxc6 11. Qxc6 Rb8 ({RR} 11... h5 12. c4 Rb8 13. Qa6 Qd7 14. c5 c6 15. b3 h4 16. Bf4 Rb4 17. Rfd1 h3 18. Bf1 Nh5 19. Be3 g5 20. Rac1 Qc7 21. Nc2 Rb5 22. Bd2 Rb7 23. Nb4 Rc8 24. Nd3 f6 25. b4 Ng7 26. f3 {Daneshvar,B (2584)-Khudyakov,S (2230) Khanty-Mansiysk RUS 2024 1-0 (40)}) 12. c4 ({RR} 12. Qa4 h5 13. Nc2 h4 14. Nb4 h3 15. Bf3 Ne4 16. Bxe4 Bxe4 17. Nc6 Qd7 18. b3 Bd6 19. Nxb8 Qxa4 20. bxa4 Rxb8 21. f3 Bf5 22. Bf4 Rb2 23. Bxd6 cxd6 24. Rf2 Rb6 25. Rc1 g5 26. g4 Bg6 {Grischuk,A (2745)-Duda,J (2731) chess.com INT 2022 1-0 (58)}) 12... Qc8 13. Qa4 h5 $146 ({RR} 13... Rb4 14. Qd1 c5 15. b3 cxd4 16. Bb2 Rd8 17. Qxd4 dxc4 18. Qxa7 Rd7 19. Qe3 cxb3 20. axb3 Nd5 21. Bxd5 exd5 22. Qe5 Bf6 23. Qxf5 Bxb2 24. Nc2 Rb8 25. Ra2 g6 26. Qd3 Bc3 27. Rb1 d4 28. Ra4 {Motylev,A (2591)-Grieve,H (2472) Asnieres-sur-Seine FRA 2025 1-0 (37)}) 14. cxd5 exd5 15. Bf4 Rxb2 16. Rfc1 Qe6 17. Bf3 Be4 18. Nc2 c5 19. Ne3 Rb4 20. Qxa7 cxd4 21. a3 dxe3 22. axb4 Qh3 23. Qxe7 Ng4 24. Qh4 exf2+ 25. Kh1 Bxf3+ 26. exf3 1-0

[Event "World Rapid 2022"]
[Site "Almaty KAZ"]
[Date "2022.12.27"]
[Round "7.42"]
[White "Svane, R."]
[Black "Asadli, Vugar"]
[Result "1-0"]
[WhiteElo "2622"]
[BlackElo "2567"]
[PlyCount "107"]
[EventDate "2022.12.26"]
[EventType "rapid"]

1. Nf3 Nf6 2. g3 g6 3. Bg2 Bg7 4. O-O O-O 5. d4 d6 6. Re1 Nbd7 7. e4 e5 8. Nc3 b6 9. a4 a5 10. b3 Re8 11. dxe5 dxe5 12. Ba3 Bb7 13. Qe2 Bf8 14. Bxf8 Nxf8 15. Rad1 Qe7 16. Nd5 Nxd5 17. exd5 Nd7 18. Nd2 Nc5 $146 ({RR} 18... Qb4 19. Qc4 Nc5 20. Qxb4 axb4 21. Ne4 Kg7 22. d6 Bxe4 23. Bxe4 Ra7 24. d7 Rd8 25. Bc6 f6 26. f4 e4 27. Bxe4 Rxd7 28. Rxd7+ Nxd7 29. Bc6 Nc5 30. Re7+ Kh6 31. Bd5 f5 32. h4 Kh5 33. Kg2 {Svane,R (2613)-Ivanisevic,I (2606) Chess.com INT 2021 1-0 (38)}) 19. Nc4 Ba6 20. Qxe5 Qd7 21. Qf4 Bxc4 22. Qxc4 Rxe1+ 23. Rxe1 Re8 24. Rxe8+ Qxe8 25. Bf3 Qe5 26. Kg2 h5 27. h4 Kf8 28. b4 axb4 29. Qxb4 Qd6 30. a5 bxa5 31. Qxa5 Nd7 32. Qc3 Ke7 33. Qd4 Nc5 34. Be2 Nd7 35. Bb5 Nc5 36. Bc6 Kf8 37. Qh8+ Ke7 38. Kg1 Na6 39. Qe8+ Kf6 40. Qh8+ Ke7 41. c3 Nc5 42. Kg2 Na6 43. Qe8+ Kf6 44. Qh8+ Ke7 45. f4 Nc5 46. Kf3 Nd3 47. Qd4 Nc5 48. Qe5+ Kf8 49. Qh8+ Ke7 50. Qe5+ Kf8 51. g4 hxg4+ 52. Kxg4 Ne4 53. Qh8+ Ke7 54. Qe8+ 1-0

[Event "World Rapid 2022"]
[Site "Almaty KAZ"]
[Date "2022.12.27"]
[Round "8.3"]
[White "Keymer, Vincent"]
[Black "Erigaisi, Arjun"]
[Result "1-0"]
[WhiteElo "2696"]
[BlackElo "2722"]
[PlyCount "113"]
[EventDate "2022.12.26"]
[EventType "rapid"]

1. Nf3 c5 2. c4 Nf6 3. g3 Nc6 4. Bg2 d5 5. cxd5 Nxd5 6. Nc3 Nc7 7. a3 g6 8. b4 cxb4 9. axb4 Bg7 10. Ba3 ({RR} 10. Qb3 Be6 11. Qb1 Bf5 12. Qb3 Be6 13. Qb1 Bf5 {½-½ (13) Gundavaa,B (2468)-Phatak,A (2197) Pozarevac SRB 2025}) 10... O-O 11. O-O a6 12. Rc1 h6 $146 ({RR} 12... Nb5 13. Bb2 Nxb4 14. Qb3 Nxc3 15. Bxc3 Bxc3 16. Rxc3 a5 17. h4 Be6 18. Qb2 h6 19. d3 Qd6 20. h5 g5 21. Nd2 Rac8 22. Ne4 Qb6 23. Kh2 Rxc3 24. Qxc3 Rc8 25. Qe5 Nc6 26. Qa1 Qd4 27. Qa3 {Andreikin,D (2729)-Timofeev,A (2567) chess.com INT 2023 ½-½}) 13. Ne1 Be6 14. Nd3 Nb5 15. Bb2 Nbd4 16. Nc5 Bg4 17. Nxb7 Qb8 18. h3 Bxh3 19. Bxh3 Qxb7 20. e3 Qxb4 21. Ba1 Ne6 22. d4 Rad8 23. Bxe6 fxe6 24. Qg4 Kh7 25. Qxe6 Qd6 26. Qxd6 Rxd6 27. Ne4 Re6 28. Nc5 Rd6 29. Nb7 Rd7 30. Rxc6 Rxb7 31. Rxa6 Rc7 32. d5 Rc2 33. Bxg7 Kxg7 34. Re6 Rf7 35. f4 Rc7 36. Kg2 Rf6 37. Rxf6 Kxf6 38. Rb1 Rc2+ 39. Kf3 h5 40. Rb6+ Kf7 41. Rb7 Rd2 42. e4 Ke8 43. g4 Kf7 44. gxh5 gxh5 45. Rb6 Rd3+ 46. Ke2 Rd4 47. Ke3 Rd1 48. f5 h4 49. Rh6 Rh1 50. Kf4 h3 51. Rh7+ Kg8 52. Rh4 Kf7 53. Kg3 Kf6 54. Rxh3 Re1 55. Rh6+ Kg5 56. Rg6+ Kh5 57. Kf4 1-0

[Event "World Rapid 2022"]
[Site "Almaty KAZ"]
[Date "2022.12.27"]
[Round "9.16"]
[White "Amin, B."]
[Black "Van Foreest, Jorden"]
[Result "1-0"]
[WhiteElo "2682"]
[BlackElo "2690"]
[PlyCount "88"]
[EventDate "2022.12.26"]
[EventType "rapid"]

1. Nf3 d5 2. g3 c5 3. Bg2 Nc6 4. d4 e6 5. O-O cxd4 6. Nxd4 Bc5 7. Nb3 Bb6 8. c4 Nge7 9. cxd5 exd5 10. Nc3 d4 11. Na4 O-O 12. Nxb6 axb6 13. e3 d3 14. Bd2 Be6 15. Bc3 Qd7 16. Nd4 Nxd4 $146 ({RR} 16... b5 17. Nxe6 fxe6 18. Qg4 Nf5 19. b3 Qd6 20. Be4 b4 21. Bb2 g6 22. Rfd1 d2 23. Qe2 Rfd8 24. g4 Nfe7 25. h4 Ra5 26. f4 Kf7 27. h5 Ke8 28. Bf6 Rd7 29. hxg6 Nxg6 30. g5 Nce7 31. a4 {Heimisson,H (2384)-Domalchuk-Jonasson,A (2384) Reykjavik ISL 2024 ½-½ (78)}) 17. Bxd4 Rfc8 18. Be4 Bxa2 19. Qxd3 f5 20. Bxb6 Bd5 21. Bxd5+ Qxd5 22. Qxd5+ Nxd5 23. Bd4 Nb4 24. Rfd1 Rxa1 25. Rxa1 Nc6 26. Bc3 Rd8 27. Kf1 Kf7 28. Ke2 g5 29. h3 h5 30. g4 fxg4 31. hxg4 hxg4 32. Rg1 b5 33. Rxg4 Rd5 34. b4 Rf5 35. e4 Ne5 36. Rg3 Rf4 37. Bxe5 Rxe4+ 38. Re3 Rxb4 39. Kf3 Kg6 40. Re4 Rb1 41. Kg4 b4 42. Bg3 Kf6 43. Rd4 b3 44. Rd6+ Ke7 1-0

[Event "World Rapid 2022"]
[Site "Almaty KAZ"]
[Date "2022.12.28"]
[Round "10.44"]
[White "Harikrishna, P."]
[Black "Idani, P."]
[Result "1-0"]
[WhiteElo "2705"]
[BlackElo "2637"]
[PlyCount "95"]
[EventDate "2022.12.26"]
[EventType "rapid"]

1. Nf3 Nf6 2. g3 b5 3. Bg2 Bb7 4. O-O e6 5. d3 c5 6. e4 d6 7. a4 b4 8. Nbd2 Be7 9. e5 dxe5 10. Nxe5 Bxg2 11. Kxg2 Qd5+ 12. Qf3 O-O 13. Re1 Qxf3+ 14. Kxf3 Nfd7 $146 ({RR} 14... Rc8 15. Ndc4 Nc6 16. Nxc6 Rxc6 17. a5 Nd5 18. h4 Bf6 19. Bg5 h6 20. Bxf6 Nxf6 21. Ne5 Rd6 22. a6 b3 23. c3 Nd7 24. Nxd7 Rxd3+ 25. Ke2 Rxd7 26. Red1 Rad8 27. Rxd7 Rxd7 28. Ra5 Rc7 29. Kd3 {Akhvlediani,I (2355)-Quparadze,G (2463) Tornelo INT 2020 1-0 (51)}) 15. Nxd7 Nxd7 16. Nc4 Nb6 17. Nxb6 axb6 18. Bf4 Bf6 19. Be5 Bxe5 20. Rxe5 Rfd8 21. b3 Kf8 22. Rae1 Ke7 23. h4 g6 24. g4 Rd6 25. Kg3 Rad8 26. f4 Rd5 27. Kf3 Kf6 28. Rxd5 Rxd5 29. Ra1 h5 30. g5+ Kf5 31. a5 bxa5 32. Rxa5 e5 33. Ra6 exf4 34. Rf6+ Ke5 35. Rxf7 Kd4 36. Rxf4+ Kc3 37. Rc4+ Kd2 38. Ke4 Rf5 39. d4 cxd4 40. Rxd4+ Kxc2 41. Rxb4 Rf1 42. Rb6 Rh1 43. Rxg6 Rxh4+ 44. Kf5 Rh1 45. Rh6 h4 46. Kg4 Rg1+ 47. Kxh4 Kxb3 48. Rc6 1-0

[Event "World Rapid 2022"]
[Site "Almaty KAZ"]
[Date "2022.12.28"]
[Round "11.4"]
[White "Keymer, Vincent"]
[Black "Nepomniachtchi, I."]
[Result "1-0"]
[WhiteElo "2696"]
[BlackElo "2793"]
[PlyCount "119"]
[EventDate "2022.12.26"]
[EventType "rapid"]

1. Nf3 d5 2. e3 Nf6 3. c4 e6 4. Nc3 b6 5. cxd5 exd5 6. g3 Bd6 7. Bg2 O-O 8. O-O Bb7 9. b3 Nbd7 10. Bb2 Nc5 11. d3 a6 12. Rc1 Re8 13. Ne2 Ne6 14. Ned4 $146 ({RR} 14. Nfd4 c5 15. Nf5 Bf8 16. d4 g6 17. Nh4 Bg7 18. dxc5 bxc5 19. Qc2 Qb6 20. Rfd1 d4 21. exd4 Bxg2 22. dxc5 Qc6 23. Rd6 Qxc5 24. Rxe6 Qxc2 25. Rxe8+ Rxe8 26. Rxc2 Be4 27. Rd2 g5 28. Ng2 Bf3 {Ganguly,S (2616)-Harsha,B (2547) chess24.com INT 2022 0-1 (40)}) 14... Nxd4 15. Nxd4 c5 16. Nf5 Bf8 17. Qf3 Re6 18. g4 g6 19. g5 Ne8 20. Nh6+ Bxh6 21. gxh6 Qg5 22. d4 Rc8 23. Qg3 Qxh6 24. Bh3 Re4 25. Bxc8 Bxc8 26. f3 Re7 27. dxc5 bxc5 28. Rfe1 f6 29. Rxc5 Bb7 30. Bd4 Kf7 31. Rec1 g5 32. Rc7 Qf8 33. Bc5 Rxc7 34. Qxc7+ Nxc7 35. Bxf8 Ne6 36. Bc5 d4 37. Bxd4 Bxf3 38. b4 f5 39. Kf2 Bb7 40. Be5 h5 41. Rd1 Bc6 42. Rd6 Bb5 43. a4 Bxa4 44. Rxa6 Bb5 45. Rb6 Bd3 46. Rb7+ Kg6 47. Re7 Nf8 48. Rg7+ Kh6 49. Rc7 Kg6 50. b5 Ne6 51. Rc6 Kf7 52. b6 Ba6 53. Rc3 Bb7 54. Ra3 Nc5 55. Ra7 Ke6 56. Bd4 Ne4+ 57. Ke1 Nd6 58. Bc5 Be4 59. Bxd6 Kxd6 60. Rg7 1-0

[Event "World Rapid 2022"]
[Site "Almaty KAZ"]
[Date "2022.12.28"]
[Round "11.7"]
[White "Duda, J."]
[Black "Zhigalko, S."]
[Result "1-0"]
[WhiteElo "2729"]
[BlackElo "2572"]
[PlyCount "69"]
[EventDate "2022.12.26"]
[EventType "rapid"]

1. Nf3 d5 2. g3 c6 3. Bg2 Bg4 4. h3 Bxf3 5. Bxf3 e5 6. d3 Nf6 7. Nd2 Bc5 8. O-O O-O 9. e4 Re8 10. Qe2 a5 $146 ({RR} 10... Nbd7 11. Bg2 Nf8 12. Kh2 Ng6 13. c3 a5 14. a4 h6 15. Nb3 Bb6 16. Bd2 Qd6 17. Rad1 Qe6 18. c4 dxc4 19. dxc4 Nd7 20. f4 exf4 21. gxf4 Nc5 22. Nxc5 Bxc5 23. Bc3 f5 24. Qh5 Ne7 25. b3 {Kraemer,M (2516)-Huschenbeth,N (2459) Rosenheim 2010 ½-½ (52)}) 11. a4 Na6 12. Bg2 Bb6 13. exd5 cxd5 14. Nb3 h6 15. g4 e4 16. c3 Nc5 17. Nxc5 Bxc5 18. d4 Bd6 19. f4 exf3 20. Qxf3 Re6 21. g5 hxg5 22. Bxg5 Qe8 23. Bxf6 Rxf6 24. Rae1 Qxa4 25. Qxd5 Bf4 26. Qxb7 Rb8 27. Qe4 g5 28. h4 Rh6 29. hxg5 Bh2+ 30. Kh1 Rh8 31. g6 Bc7+ 32. Kg1 Bh2+ 33. Kf2 Rxb2+ 34. Ke3 Rc2 35. gxf7+ 1-0

[Event "World Rapid 2022"]
[Site "Almaty KAZ"]
[Date "2022.12.28"]
[Round "12.3"]
[White "Keymer, Vincent"]
[Black "Vidit, S."]
[Result "1-0"]
[WhiteElo "2696"]
[BlackElo "2730"]
[PlyCount "85"]
[EventDate "2022.12.26"]
[EventType "rapid"]

1. Nf3 d5 2. e3 c5 3. b3 Nf6 4. Bb2 a6 5. c4 e6 6. Be2 Nc6 7. cxd5 exd5 8. O-O d4 9. exd4 cxd4 10. Re1 Be7 11. Na3 O-O 12. Nc4 Bf5 $146 ({RR} 12... d3 13. Bf1 Nb4 14. Ne3 Be6 15. Nd4 Bc5 16. Nxe6 fxe6 17. a3 Nc6 18. Qb1 Bd4 19. Bxd4 Qxd4 20. Qxd3 Qxd3 21. Bxd3 Rad8 22. Bc4 Kf7 23. Rac1 Nd4 24. b4 Rfe8 25. Ba2 Re7 26. h3 g6 27. Nc4 {Chan,K (2301)-Oganian,M (2423) Moscow 2019 ½-½ (57)}) 13. Nce5 d3 14. Nxc6 bxc6 15. Bf1 Re8 16. Rc1 Rc8 17. Ne5 Qd5 18. Nc4 Bc5 19. Bxf6 gxf6 20. Rxe8+ Rxe8 21. Ne3 Bxe3 22. fxe3 Be4 23. Qg4+ Kh8 24. Qf4 Kg7 25. Rc4 Bg6 26. Qd4 Qa5 27. Qc3 Qxa2 28. Bxd3 Bxd3 29. Qxd3 Rb8 30. Rg4+ Kh8 31. Rh4 f5 32. Qxf5 Qa1+ 33. Kf2 Qg7 34. Rxh7+ Qxh7 35. Qe5+ Qg7 36. Qxb8+ Kh7 37. Qf4 c5 38. Qh4+ Kg8 39. Qg3 Qxg3+ 40. hxg3 c4 41. bxc4 a5 42. Ke2 a4 43. Kd3 1-0

[Event "World Rapid 2022"]
[Site "Almaty KAZ"]
[Date "2022.12.28"]
[Round "12.15"]
[White "Tabatabaei, M."]
[Black "Tomashevsky, E."]
[Result "1-0"]
[WhiteElo "2660"]
[BlackElo "2694"]
[PlyCount "83"]
[EventDate "2022.12.26"]
[EventType "rapid"]

1. Nf3 d5 2. g3 Nf6 3. Bg2 e6 4. O-O Be7 5. d3 O-O 6. Nbd2 c5 7. e4 Nc6 8. Re1 b5 9. e5 Nd7 10. Nf1 a5 11. h4 b4 12. N1h2 a4 13. a3 Bb7 ({RR} 13... bxa3 14. bxa3 Ba6 15. Bf4 Rb8 16. h5 h6 17. Ng4 Nd4 18. Nxd4 cxd4 19. Nh2 Qc7 20. Ra2 Rb6 21. Bxd5 exd5 22. e6 Bd6 23. Bxd6 Qxd6 24. exd7 Qxd7 25. Qa1 Qf5 26. Qxd4 Re6 27. Raa1 Qxh5 28. Rxe6 {Leko,P (2663)-Wang,H (2722) Chess.com INT 2022 ½-½ (51)}) 14. h5 ({RR} 14. Ng4 c4 15. d4 c3 16. bxc3 bxa3 17. Ng5 Ba6 18. Bxa3 Nb6 19. Bc1 Bc4 20. Bf1 a3 21. Bxc4 dxc4 22. Ne4 Nd5 23. Qf3 f5 24. exf6 Bxf6 25. Qe2 e5 26. Nexf6+ Nxf6 27. Qxc4+ Kh8 28. Nxe5 Nxe5 {Mekhitarian,K (2551)-Tan,R (1975) chess.com INT 2022 1-0 (62)}) 14... Nb6 $146 ({RR} 14... h6 15. Ng4 Qb6 16. Bxh6 gxh6 17. Qd2 Nd4 18. Nxd4 cxd4 19. axb4 Bg5 20. Nxh6+ Bxh6 21. Qxh6 Qxb4 22. Qg5+ Kh7 23. h6 Rg8 24. Qf4 Raf8 25. c3 Qc5 26. Rxa4 dxc3 27. Rc1 c2 28. Ra3 f6 29. Qa4 {Smirin,I (2595)-Studer,N (2584) Tornelo INT 2021 0-1 (33)}) 15. h6 g6 16. Ng4 Rc8 17. Bf4 d4 18. Nd2 Nd5 19. Bxd5 exd5 20. Nf3 Qd7 21. Nf6+ Bxf6 22. exf6 Rfe8 23. axb4 Nxb4 24. Ne5 Qf5 25. Rxa4 Nc6 26. Nxc6 Bxc6 27. Ra6 Qxf6 28. Rxe8+ Rxe8 29. Qg4 Qe6 30. Qxe6 Rxe6 31. Ra5 c4 32. b4 f6 33. b5 Be8 34. Bc7 Re1+ 35. Kg2 Rb1 36. b6 Bc6 37. Rc5 Bd7 38. Ra5 Bc6 39. Bd8 Rb2 40. Ra7 Rxc2 41. Rg7+ Kf8 42. Rxh7 1-0

[Event "World Rapid 2022"]
[Site "Almaty KAZ"]
[Date "2022.12.28"]
[Round "13.61"]
[White "Makarian, Rudik"]
[Black "Demchenko, A."]
[Result "1-0"]
[WhiteElo "2554"]
[BlackElo "2632"]
[PlyCount "67"]
[EventDate "2022.12.26"]
[EventType "rapid"]

1. Nf3 Nf6 2. g3 d6 3. Bg2 e5 4. d3 Be7 5. c4 O-O 6. O-O ({RR} 6. Nc3 Re8 7. O-O h6 8. d4 Nbd7 9. e4 c6 10. h3 a6 11. a4 a5 12. Be3 Nh7 13. Qc2 Ng5 14. Nxg5 hxg5 15. Rad1 Bf6 16. f4 gxf4 17. gxf4 exd4 18. Bxd4 Bxd4+ 19. Rxd4 Qb6 20. Qf2 Qb4 {Vaganian,R (2615)-Maiwald,J (2455) Germany 1996 1-0 (31)}) ({RR} 6. Nc3 c6 7. b4 Nbd7 8. b5 d5 9. bxc6 bxc6 10. cxd5 cxd5 11. O-O Bb7 12. Rb1 Qc7 13. Nb5 Qc6 14. d4 e4 15. Ne5 Nxe5 16. dxe5 Ng4 17. Nd4 Qc7 18. e6 Ba6 19. Bf4 Qc5 20. Rc1 Qa3 {Yang Kaiqi (2481)-Yelisieiev,Y (2407) chess.com INT 2024 0-1 (44)}) 6... h6 7. Nc3 Be6 $146 ({RR} 7... Nbd7 8. b3 c6 9. Bb2 Re8 10. Rc1 Bf8 11. Qc2 d5 12. cxd5 Nxd5 13. Nxd5 cxd5 14. d4 e4 15. Ne5 Bd6 16. Rfd1 Nf8 17. h3 h5 18. f3 f6 19. fxe4 fxe5 20. dxe5 Bxe5 21. Rxd5 Qg5 22. Qd3 {Skodzek,A (1890)-Lang,T (2165) Mehlingen 1997 0-1 (43)}) 8. b3 c6 9. e4 Qc8 10. d4 Bg4 11. Be3 Na6 12. Qd2 Rd8 13. d5 Bh3 14. Rac1 Bxg2 15. Kxg2 Ng4 16. h3 Nxe3+ 17. Qxe3 Rf8 18. a3 Nc7 19. b4 cxd5 20. exd5 f5 21. c5 e4 22. Nd2 Qd8 23. cxd6 Bxd6 24. Nc4 Ne8 25. Nb5 Qe7 26. Ncxd6 Nxd6 27. Rc7 Qd8 28. Qd4 Rf7 29. Rxf7 Nxf7 30. Rc1 Qd7 31. Nc7 Rd8 32. Ne6 Qxe6 33. dxe6 Rxd4 34. Rc8+ 1-0

[Event "World Blitz 2022"]
[Site "Almaty KAZ"]
[Date "2022.12.29"]
[Round "2.12"]
[White "Amin, B."]
[Black "Tang, Andrew"]
[Result "1-0"]
[WhiteElo "2682"]
[BlackElo "2540"]
[PlyCount "71"]
[EventDate "2022.12.29"]
[EventType "blitz"]

1. Nf3 d5 2. g3 Nf6 3. Bg2 e6 4. O-O Be7 5. d3 O-O 6. Nbd2 c5 7. e4 Nc6 8. Re1 b5 9. e5 Nd7 10. Nf1 a5 11. h4 b4 12. N1h2 a4 13. Bf4 a3 14. b3 Nd4 ({RR} 14... Ba6 15. Qd2 Nd4 16. Nxd4 cxd4 17. Nf3 Qb6 18. Bg5 Bc5 19. h5 Rfc8 20. h6 g6 21. Rac1 Rc7 22. Qf4 Rac8 23. Bf1 Qa7 24. Red1 Bb5 25. Rd2 Nb8 26. Nxd4 Be8 27. Nf3 Nc6 28. d4 Bf8 29. Bd3 {Petrosian,T (2598)-Tang,A (2487) Chess.com INT 2019 1-0 (39)}) 15. Nxd4 cxd4 16. Qg4 Kh8 ({RR} 16... Qc7 17. Bh6 g6 18. Bxf8 Bxf8 19. Qe2 Bg7 20. f4 Ra6 21. Rf1 Rc6 22. Rf2 Ba6 23. h5 Nb6 24. hxg6 hxg6 25. Nf3 Bf8 26. Ng5 Nc8 27. Qg4 Rxc2 28. Nxe6 Rc1+ 29. Kh2 fxe6 30. Qxe6+ Kg7 31. Rxc1 {Fernandez,G (2161)-Guerrero Olmos,S (2374) chess.com INT 2024 1-0 (34)}) 17. Bd2 $146 ({RR} 17. Bg5 Bxg5 18. hxg5 Qc7 19. Nf3 Qxc2 20. Nxd4 Qxd3 21. Rad1 Qg6 22. Nc6 h6 23. f4 Re8 24. Qh4 Bb7 25. Nd4 Nc5 26. Bf3 Ne4 27. Rxe4 dxe4 28. Bh5 hxg5 29. fxg5 Qh7 30. Bxf7 Qxh4 31. gxh4 Re7 {Diesner,M (2074)-Pieper,D (2152) Germany 2019 0-1 (42)}) 17... Qb6 18. Nf3 Bc5 19. Ng5 h6 20. Qh5 Kg8 21. Nh3 Be7 22. Bxh6 gxh6 23. Qxh6 Re8 24. Be4 dxe4 25. Rxe4 Nxe5 26. Rxe5 Ra5 27. Ng5 Bxg5 28. Qxg5+ Kf8 29. Rxa5 Bb7 30. Qc5+ Qxc5 31. Rxc5 Bd5 32. Re1 Rd8 33. f4 Kg7 34. Kf2 f5 35. Rb5 Rc8 36. Re2 1-0

[Event "World Blitz 2022"]
[Site "Almaty KAZ"]
[Date "2022.12.29"]
[Round "3.19"]
[White "Andreikin, D."]
[Black "Vokhidov, Shamsiddin"]
[Result "1-0"]
[WhiteElo "2729"]
[BlackElo "2579"]
[PlyCount "58"]
[EventDate "2022.12.29"]
[EventType "blitz"]

1. Nf3 d5 2. g3 Nc6 3. d4 Bf5 4. c4 e6 5. Bg2 Nb4 6. O-O Nc2 7. cxd5 Nxa1 8. e4 Bxe4 9. dxe6 fxe6 10. Nc3 Bc6 $146 ({RR} 10... Bf5 11. Nh4 c6 12. Nxf5 exf5 13. d5 Ne7 14. Bg5 h6 15. Bf4 Kf7 16. Qe2 Nxd5 17. Nxd5 cxd5 18. Rd1 d4 19. Bxb7 Be7 20. Rxa1 Bf6 21. Rc1 Kg6 22. h4 h5 23. Rc7 d3 24. Qe6 Qe8 25. Qa6 {Andreikin,D (2729)-Reprintsev,A (2298) chess.com INT 2023 ½-½ (62)}) ({RR} 10... Bxf3 11. Qxf3 Nc2 12. Qh5+ g6 13. Qe5 Nf6 14. Bxb7 Rb8 15. Qxe6+ Qe7 16. Bc6+ Kd8 17. Qh3 Bg7 18. a3 Rb6 19. d5 Nd4 20. Be3 Nf5 21. Bxb6 axb6 22. Rd1 Ne4 23. d6 Nexd6 24. Qg4 Bxc3 25. bxc3 {Kobo,O (2525)-Pasztor,B (2407) Eforie Nord ROU 2025 0-1 (41)}) 11. Re1 Be7 12. d5 Bxd5 13. Nxd5 Qxd5 14. Nd4 Qd7 15. Bxb7 Rd8 16. Qh5+ g6 17. Qf3 Qxd4 18. Bc6+ Rd7 19. Rd1 Qf6 20. Bxd7+ Kf7 21. Qe2 Bc5 22. Bf4 Ne7 23. Be5 Qxf2+ 24. Qxf2+ Bxf2+ 25. Kxf2 Rd8 26. Bxc7 Rf8 27. Ba4 Nd5 28. Bd6 Rd8 29. Be5 Rc8 1-0

[Event "World Blitz 2022"]
[Site "Almaty KAZ"]
[Date "2022.12.29"]
[Round "3.26"]
[White "Daneshvar, Bardiya"]
[Black "Moussard, J."]
[Result "1-0"]
[WhiteElo "2500"]
[BlackElo "2684"]
[PlyCount "49"]
[EventDate "2022.12.29"]
[EventType "blitz"]

1. Nf3 Nf6 2. g3 d5 3. Bg2 e6 4. O-O Be7 5. b3 O-O 6. Bb2 b6 7. c4 Bb7 8. cxd5 Nxd5 9. d4 Nd7 10. Nbd2 c5 11. Rc1 Rc8 12. a3 N5f6 13. dxc5 ({RR} 13. e3 cxd4 14. Bxd4 Rxc1 15. Qxc1 Qa8 16. Qb2 Rc8 17. b4 h6 18. Rc1 Bf8 19. Rxc8 Qxc8 20. Qc3 Qa8 21. Qc7 Bc6 22. Bxf6 Nxf6 23. Ne5 Bxg2 24. Qxf7+ Kh7 25. Qg6+ Kg8 26. Qf7+ Kh7 27. Qg6+ Kh8 {Tasdogen,D (2359)-Gurel,E (2597) chess.com INT 2024 ½-½ (33)}) 13... Nxc5 14. b4 Nce4 15. Nc4 $146 ({RR} 15. Nxe4 Bxe4 16. Qa4 Qd7 17. Qxd7 Nxd7 18. Rfd1 Nb8 19. Ne5 Bxg2 20. Kxg2 f6 21. Nf3 e5 22. Nh4 g6 23. f4 exf4 24. gxf4 Kf7 25. Nf3 Rxc1 26. Rxc1 Bd6 27. e3 Re8 28. Kf2 Re7 29. Nd4 a6 {Khasin,A-Simagin,V Gorky 1954 ½-½ (38)}) 15... Qe8 16. Nd4 Bd5 17. Ne3 Rxc1 18. Qxc1 Ba8 19. Qc7 Qb8 20. Rc1 Bd6 21. Qxb8 Rxb8 22. Nb5 a5 23. Bxf6 axb4 24. Bxe4 Bxe4 25. Nxd6 1-0

[Event "World Blitz 2022"]
[Site "Almaty KAZ"]
[Date "2022.12.29"]
[Round "5.6"]
[White "Caruana, F."]
[Black "Predke, A."]
[Result "1-0"]
[WhiteElo "2766"]
[BlackElo "2684"]
[PlyCount "62"]
[EventDate "2022.12.29"]
[EventType "blitz"]

1. Nf3 d5 2. b3 Nf6 3. Bb2 e6 4. e3 Be7 5. c4 O-O 6. d4 c5 7. dxc5 Bxc5 8. cxd5 exd5 9. Be2 Nc6 10. O-O a6 11. Nc3 Bg4 12. Rc1 Ba7 13. Na4 Qe7 14. h3 Bh5 15. Bxf6 Qxf6 16. Qxd5 Bg6 17. Qg5 $146 ({RR} 17. Rfd1 Rfd8 18. Qg5 Qxg5 19. Nxg5 h6 20. Nf3 Nb4 21. Rxd8+ Rxd8 22. Rc7 Bb8 23. Rxb7 Nxa2 24. Nd4 Be5 25. Nc6 Rd2 26. Nxe5 Rxe2 27. Nxg6 fxg6 28. Nc5 Nc3 29. Ne6 Ne4 30. Rxg7+ Kh8 31. Rxg6 Re1+ {Ganguly,S (2635)-Yilmaz,M (2630) chess24.com INT 2020 1-0 (60)}) 17... Qd6 18. Nc5 h6 19. Nxb7 Qb4 20. Qd5 Be4 21. Qc4 Qe7 22. Nd6 Bxf3 23. Nf5 Qa3 24. Bxf3 Ne5 25. Qf4 Nxf3+ 26. Qxf3 Qxa2 27. Qg3 g6 28. Nxh6+ Kh7 29. Qh4 Kg7 30. Ng4 Rh8 31. Qf6+ Kg8 1-0